|
|
|
|
| LEADER |
01085nam a2200265 a 4500 |
| 001 |
4434515 |
| 008 |
120104r20001995maua b 001 0 eng d |
| 035 |
|
|
|9 (DLC) 94036653
|
| 010 |
|
|
|a 94036653
|
| 020 |
|
|
|a 0201835959
|
| 020 |
|
|
|a 981235867
|
| 040 |
|
|
|a DLC
|c DLC
|d DLC
|d BD-DhAAL
|
| 082 |
0 |
0 |
|a 005.1/068
|2 20
|
| 100 |
1 |
|
|a Brooks, Frederick P.
|q (Frederick Phillips)
|
| 245 |
1 |
4 |
|a The mythical man-month :
|b essays on software engineering /
|c Frederick P. Brooks, Jr.
|
| 250 |
|
|
|a Anniversary ed.
|
| 260 |
|
|
|a Reading, Mass. :
|b Addison-Wesley Pub. Co.,
|c 1995.[reprinted 2000]
|
| 300 |
|
|
|a xiii, 322 p. :
|b ill. ;
|c 24 cm.
|
| 500 |
|
|
|a Anniversary ed. has four new chapters.
|
| 504 |
|
|
|a Includes bibliographical references (p. 293-308) and index.
|
| 541 |
1 |
|
|e 00012311
|
| 650 |
|
0 |
|a Software engineering.
|
| 852 |
1 |
|
|a Ayesha Abed library
|c General Shelf
|
| 999 |
|
|
|c 11725
|d 11725
|
| 952 |
|
|
|0 0
|1 0
|2 ddc
|4 0
|6 005_106800000000000_BRO
|7 0
|9 19066
|a BRACUL
|b BRACUL
|c GEN
|d 2012-01-05
|l 6
|m 29
|o 005.1068 BRO
|p 3010012311
|r 2024-02-24
|s 2023-12-14
|t 1
|w 2012-01-05
|y BK
|x Price not available in Register
|